000 00336 a2200157 4500
001 170968
020 _a
040 _cMagnum
100 _aAmado, Jorge
240 1 0 _aFarda fardao camisola de dormir
_lpor
245 1 0 _aFarda fardao camisola de dormir
362 0 _a1899
440 1 _aRecord
697 _aA/ROMANCE
942 _cBK
999 _c170968
_d170968